000 00197nam a22000737a 4500
999 _c24035
_d24035
003 Nust
005 20170405170858.0
008 140502b xxu||||| |||| 00| 0 eng d
020 _cAvailable
_a9812531769
040 _aDLC
_bDLC
_cRCMS
082 _27th, ed.
_a005.43 SIL
100 _aAbraham Silberschatz
245 _aOperating System Principles
250 _a7th, ed.
260 _aIndia
_bJohn Wiley & Sons (Asia) Pte Led
_cc2006
300 _axiii, 896 p. :
_bill, ;
_c26 cm.
538 _iShelf # 12, Row # 1, System Engineering.
650 _aComputer Software
856 _3Table of Content Only.
942 _2ddc
_cBK
_k005.43 SIL